[Event "Mondiale Lampo FIDE 2019"]
[Site "Mosca"]
[Date "29.12.2019"]
[Round "1.86"]
[White "Blohberger, Felix"]
[Black "Bluebaum, Matthias"]
[Result "0-1"]
[WhiteTitle "IM"]
[BlackTitle "GM"]
[WhiteElo "2434"]
[BlackElo "2644"]
[WhiteFideId "1632051"]
[BlackFideId "24651516"]
[EventDate "2019.12.29"]

1. Nf3 d5 2. g3 Nd7 3. d4 Nb6 4. Nbd2 Bf5 5. Nh4 e6 6. Nxf5 exf5 7. Bg2 Nf6 8.
e3 c6 9. b3 Be7 10. c4 O-O 11. O-O Re8 12. Bb2 a5 13. a3 Qd7 14. Qc2 g6 15. Rac1
Bf8 16. Qd3 Qe6 17. Rc2 a4 18. b4 Ne4 19. cxd5 Nxd5 20. Rfc1 Rad8 21. b5 Nxf2
22. Kxf2 Nxe3 23. Rc3 Nxg2 24. Kxg2 Qe2+ 25. Kg1 Bh6 26. bxc6 Bxd2 27. Qxe2 Rxe2
28. cxb7 Bxc3 29. Bxc3 Rb8 30. d5 0-1

[Event "Mondiale Lampo FIDE 2019"]
[Site "Mosca"]
[Date "29.12.2019"]
[Round "1.87"]
[White "Belov, Vladimir"]
[Black "Pogosyan, Stefan"]
[Result "1-0"]
[WhiteTitle "GM"]
[BlackTitle "IM"]
[WhiteElo "2598"]
[BlackElo "2459"]
[WhiteFideId "4132394"]
[BlackFideId "34159867"]
[EventDate "2019.12.29"]

1. d4 Nf6 2. c4 e6 3. Nf3 b6 4. g3 Ba6 5. Qc2 Bb7 6. Bg2 c5 7. d5 exd5 8. cxd5
Nxd5 9. O-O Be7 10. Rd1 Nc6 11. a3 Nc7 12. Nc3 O-O 13. Bf4 Ne6 14. e3 Nxf4 15.
gxf4 Re8 16. Rd2 d6 17. Rad1 Bf8 18. Ng5 g6 19. Bd5 Re7 20. Nce4 h6 21. Nxd6
Qxd6 22. Bxf7+ Rxf7 23. Rxd6 hxg5 24. Rxc6 Bxc6 25. Qxg6+ Rg7 26. Qxc6 gxf4+ 27.
Kf1 Rb8 28. Qe6+ Kh7 29. Rd5 Re7 30. Rh5+ Kg7 31. Qg4+ Kf7 32. Qxf4+ Kg6 33.
Rg5+ Kh7 34. Qxb8 1-0

[Event "Mondiale Lampo FIDE 2019"]
[Site "Mosca"]
[Date "29.12.2019"]
[Round "1.88"]
[White "Makoveev, Ilya"]
[Black "Tran, Tuan Minh"]
[Result "0-1"]
[WhiteTitle "FM"]
[BlackTitle "GM"]
[WhiteElo "2277"]
[BlackElo "2529"]
[WhiteFideId "34155748"]
[BlackFideId "12401820"]
[EventDate "2019.12.29"]

1. e4 c5 2. Nf3 d6 3. d4 cxd4 4. Nxd4 Nf6 5. Nc3 a6 6. f3 e5 7. Nb3 Be6 8. Be3
Nbd7 9. Qd2 b5 10. O-O-O Nb6 11. Qf2 Nfd7 12. Kb1 Be7 13. g4 O-O 14. h4 b4 15.
Nd5 Bxd5 16. exd5 a5 17. g5 a4 18. Nc1 Ra5 19. f4 exf4 20. Bxf4 Nxd5 21. Bd2 Qc7
22. Bd3 Ne5 23. h5 Nxd3 24. Nxd3 Rc8 25. Rc1 Bf8 26. g6 h6 27. Rhf1 Nf6 28.
gxf7+ Qxf7 29. Bxb4 Rxh5 30. Qf3 Rb5 31. a3 Rcb8 32. Rg1 Nd5 33. Qh3 Kh8 34.
Rcf1 Qg8 35. Rg6 Qh7 36. Qf5 Ne7 37. Qxf8+ Rxf8 38. Rxf8+ Ng8 39. Nf4 Rg5 40.
Rxg5 hxg5 41. Nd5 Qh1+ 42. Ka2 Qxd5+ 0-1

[Event "Mondiale Lampo FIDE 2019"]
[Site "Mosca"]
[Date "29.12.2019"]
[Round "1.89"]
[White "Grigoriants, Sergey"]
[Black "Guimaraes, Diogo Duarte"]
[Result "1/2-1/2"]
[WhiteTitle "GM"]
[BlackTitle "FM"]
[WhiteElo "2542"]
[BlackElo "2322"]
[WhiteFideId "4130804"]
[BlackFideId "2112450"]
[EventDate "2019.12.29"]

1. e4 e5 2. Nf3 Nc6 3. Bb5 Nf6 4. d3 Bc5 5. Bxc6 bxc6 6. O-O d6 7. Nbd2 O-O 8.
h3 Re8 9. Re1 h6 10. Nf1 a5 11. a4 Bb6 12. Ng3 Be6 13. Be3 Rb8 14. b3 Bxe3 15.
Rxe3 c5 16. Qd2 c6 17. Rf1 Nh7 18. Qe2 Nf8 19. Qd2 Ng6 20. Ree1 Nf4 21. Ne2 g5
22. Nxf4 gxf4 23. Kh2 Kh7 24. g3 Qf6 25. gxf4 exf4 26. Rg1 Bd7 27. Qxa5 Qe6 28.
Rg4 Rg8 29. Reg1 Rxg4 30. Rxg4 Rg8 31. Qc7 Rxg4 32. hxg4 Qxg4 33. Qxd6 Qxf3 34.
Qxd7 Qxf2+ 35. Kh1 Qf1+ 36. Kh2 Qf2+ 37. Kh1 Qf1+ 38. Kh2 1/2-1/2

[Event "Mondiale Lampo FIDE 2019"]
[Site "Mosca"]
[Date "29.12.2019"]
[Round "1.90"]
[White "Makarian, Rudik"]
[Black "Jumabayev, Rinat"]
[Result "1/2-1/2"]
[WhiteTitle "IM"]
[BlackTitle "GM"]
[WhiteElo "2397"]
[BlackElo "2646"]
[WhiteFideId "44105681"]
[BlackFideId "13702661"]
[EventDate "2019.12.29"]

1. Nf3 d5 2. d4 Bf5 3. c4 e6 4. Nc3 Nf6 5. Qb3 Nc6 6. cxd5 exd5 7. Bg5 Bb4 8. e3
Be6 9. Bd3 a6 10. a3 Bxc3+ 11. Qxc3 h6 12. Bh4 O-O 13. O-O g5 14. Bg3 Ne4 15.
Bxe4 dxe4 16. Ne5 Ne7 17. Rac1 Rc8 18. f3 f6 19. Nc4 exf3 20. gxf3 Qd7 21. e4 h5
22. d5 Bh3 23. Rfd1 h4 24. Bf2 Ng6 25. Be3 Kh7 26. d6 b5 27. dxc7 Qxc7 28. Nd6
Qxc3 29. Rxc3 Rxc3 30. bxc3 Ne5 31. Kf2 Rd8 32. Rd4 Be6 33. Nb7 Rc8 34. Rd6 Rc6
35. Rxc6 Nxc6 36. Nc5 Bc8 37. Ke2 Kg6 38. Nd3 Na5 39. Bc5 Nc4 40. Kf2 f5 41.
exf5+ Bxf5 42. Nb4 a5 43. Nc6 Bd7 44. Ne7+ Kf6 45. Nd5+ Ke5 46. Ne3 Nb2 47. Bb6
a4 48. Bd4+ Kd6 49. Bf6 h3 50. Bxg5 Nd3+ 51. Ke2 Nc5 52. Bf4+ Ke6 53. Nc2 Kd5
54. Ne3+ Ke6 55. Nc2 Kd5 56. Ne3+ Ke6 57. Bb8 Bc6 58. f4 Be4 59. Ba7 Nd7 60. Bd4
Nf8 61. Kf2 Ng6 62. Kg3 Bd3 63. Kg4 Ne7 64. Kxh3 Nf5 65. Nxf5 Kxf5 66. Kg3 Be2
67. Bc5 Ke4 68. Bb4 Bd1 69. Bd6 Be2 70. h4 Bh5 71. Kf2 Bg4 72. Be5 Bh5 73. Ke1
Kd3 74. f5 Ke4 75. Bd4 Kxf5 76. Kd2 Ke4 77. Bf6 Bg4 78. Kc1 Kd3 79. Kb2 1/2-1/2

[Event "Mondiale Lampo FIDE 2019"]
[Site "Mosca"]
[Date "29.12.2019"]
[Round "1.91"]
[White "Sakaev, Konstantin"]
[Black "Usov, Aleksandr E."]
[Result "1-0"]
[WhiteTitle "GM"]
[WhiteElo "2596"]
[BlackElo "2012"]
[WhiteFideId "4104226"]
[BlackFideId "24257109"]
[EventDate "2019.12.29"]

1. d4 d5 2. c4 c6 3. Nf3 Nf6 4. e3 Bg4 5. Qb3 Qc7 6. Ne5 Bf5 7. Nc3 e6 8. Bd2
Nbd7 9. Nd3 Be7 10. Rc1 dxc4 11. Qxc4 O-O 12. Be2 Rac8 13. O-O e5 14. Qb3 exd4
15. exd4 Qb6 16. Qxb6 Nxb6 17. Nc5 Rfd8 18. Be3 Bxc5 19. dxc5 Nbd5 20. Nxd5 Nxd5
21. Bd2 Re8 22. Rfe1 f6 23. f3 Re7 24. Kf2 Kf7 25. g4 Bg6 26. b4 Rd8 27. Bc4
Rxe1 28. Rxe1 Kf8 29. a3 Bf7 30. Bf1 Nc7 31. Bf4 Nd5 32. Bd6+ Kg8 33. b5 Re8 34.
bxc6 bxc6 35. Rb1 Nc3 36. Rb7 Nd1+ 37. Kg3 Ne3 38. Bd3 Bg6 39. Bxg6 hxg6 40.
Rxa7 Nf1+ 41. Kf2 Nd2 42. a4 Nc4 43. a5 Rc8 44. a6 Na3 45. Rb7 1-0

[Event "Mondiale Lampo FIDE 2019"]
[Site "Mosca"]
[Date "29.12.2019"]
[Round "1.92"]
[White "Luukkonen, Tommi"]
[Black "Guliyev, Namig"]
[Result "1-0"]
[WhiteTitle "FM"]
[BlackTitle "GM"]
[WhiteElo "2290"]
[BlackElo "2548"]
[WhiteFideId "501808"]
[BlackFideId "13400363"]
[EventDate "2019.12.29"]

1. e4 c5 2. Nf3 d6 3. d4 cxd4 4. Nxd4 Nf6 5. Nc3 a6 6. h3 e6 7. g4 b5 8. g5 Nfd7
9. a3 Bb7 10. Bg2 Nc6 11. Be3 Be7 12. h4 O-O 13. f4 Nxd4 14. Bxd4 e5 15. fxe5
dxe5 16. Be3 Bc5 17. Bxc5 Nxc5 18. Nd5 Ne6 19. Qd2 Nd4 20. Qd3 Rc8 21. c3 Bxd5
22. exd5 Nb3 23. Rd1 f5 24. d6 Kh8 25. d7 Rc7 26. Qd6 Nc5 27. Qxf8+ Qxf8 28.
d8=Q Rc8 29. Qxf8+ Rxf8 30. Rd5 Na4 31. Rxe5 Nxb2 32. O-O g6 33. h5 Nc4 34. Re6
gxh5 35. Rxa6 Ne3 36. Rf3 f4 37. Rf6 Rd8 38. R6xf4 Rd1+ 39. Kh2 Ng4+ 40. Kg3 Kg7
41. Rf5 Re1 42. Rxb5 Kg6 43. Rd3 Ne5 44. Rd6+ Kxg5 45. Rdd5 Kf5 46. a4 h4+ 47.
Kxh4 Kf4 48. Rxe5 Rxe5 49. Rxe5 1-0

[Event "Mondiale Lampo FIDE 2019"]
[Site "Mosca"]
[Date "29.12.2019"]
[Round "1.93"]
[White "Esipenko, Andrey"]
[Black "Zarubitski, Viachaslau"]
[Result "1-0"]
[WhiteTitle "GM"]
[BlackTitle "IM"]
[WhiteElo "2642"]
[BlackElo "2451"]
[WhiteFideId "24175439"]
[BlackFideId "13509373"]
[EventDate "2019.12.29"]

1. d4 d5 2. c4 c6 3. Nf3 Nf6 4. e3 Bf5 5. Nc3 a6 6. Be2 b5 7. b3 Nbd7 8. O-O h6
9. Ne5 Qc7 10. Bb2 e6 11. Rc1 Qb7 12. cxd5 cxd5 13. Bd3 Bxd3 14. Nxd3 Bd6 15.
Nc5 Qa7 16. e4 Bf4 17. Rc2 Nxc5 18. dxc5 dxe4 19. Qe2 Qxc5 20. Nxe4 Qf5 21. Bxf6
gxf6 22. Rc5 Qg6 23. Qf3 1-0

[Event "Mondiale Lampo FIDE 2019"]
[Site "Mosca"]
[Date "29.12.2019"]
[Round "1.94"]
[White "Miranda Neto, Jayme Amorim"]
[Black "Yuffa, Daniil"]
[Result "0-1"]
[WhiteTitle "CM"]
[BlackTitle "GM"]
[WhiteElo "2102"]
[BlackElo "2566"]
[WhiteFideId "2115964"]
[BlackFideId "24131423"]
[EventDate "2019.12.29"]

1. d4 Nf6 2. Nf3 e6 3. e3 b6 4. Bd3 Bb7 5. O-O c5 6. Qe2 Be7 7. b3 O-O 8. Bb2
cxd4 9. exd4 Nc6 10. Ba6 Bxa6 11. Qxa6 Qc8 12. Qxc8 Raxc8 13. Nbd2 Nb4 14. c4 d5
15. Ne5 Rfd8 16. Rfc1 h6 17. a3 Nc6 18. Nxc6 Rxc6 19. cxd5 Rxc1+ 20. Rxc1 Nxd5
21. Kf1 Bg5 22. Rc2 Bxd2 23. Rxd2 Rc8 24. g3 Kf8 25. Ke2 Ke7 26. Kd3 Kd6 27. Re2
b5 28. Rd2 a5 29. Rc2 Rxc2 30. Kxc2 Nf6 31. f3 Kd5 32. Bc3 a4 33. bxa4 bxa4 34.
Kd3 Ne8 35. Bb4 Nc7 36. Bf8 Ne8 37. Kc3 h5 38. Kd3 g5 39. h3 f5 40. Bh6 g4 41.
hxg4 fxg4 42. fxg4 hxg4 43. Ke3 Nd6 44. Bf8 Nc4+ 45. Kf4 Kxd4 46. Kxg4 e5 47.
Kf3 Kd3 48. g4 e4+ 49. Kf4 e3 50. Bb4 e2 51. Be1 Nxa3 52. g5 Nc2 53. Bh4 a3 54.
g6 Nd4 55. Kg5 a2 0-1

[Event "Mondiale Lampo FIDE 2019"]
[Site "Mosca"]
[Date "29.12.2019"]
[Round "1.95"]
[White "Golubov, Saveliy"]
[Black "Tsvetkov, Andrey"]
[Result "1-0"]
[WhiteTitle "IM"]
[BlackTitle "FM"]
[WhiteElo "2469"]
[BlackElo "2350"]
[WhiteFideId "24176729"]
[BlackFideId "34139360"]
[EventDate "2019.12.29"]

1. d4 d5 2. Nf3 Nf6 3. c3 e6 4. Bf4 Bd6 5. Bg3 O-O 6. Nbd2 c5 7. e3 Qc7 8. dxc5
Qxc5 9. Bd3 Nbd7 10. Qe2 Rd8 11. Rd1 Qc7 12. Bxd6 Qxd6 13. e4 dxe4 14. Nxe4 Nxe4
15. Bxe4 Qe7 16. O-O Nf6 17. Rxd8+ Qxd8 18. Rd1 Qc7 19. Qc4 Qe7 20. Ne5 Nxe4 21.
Qxe4 f6 22. Nc4 e5 23. Nd6 Be6 24. Nxb7 Rb8 25. Na5 Rxb2 26. Nb3 Rxa2 27. c4 Ra4
28. Rc1 Qc7 29. Nd2 Qd6 30. Nf3 Rxc4 31. Rxc4 Qd1+ 32. Ne1 Bxc4 33. Qxc4+ Kf8
34. Qc5+ Ke8 35. Qa5 a6 36. h4 e4 37. Qc3 Kf7 38. Qc4+ Kf8 39. Qb4+ Kf7 40. Qxe4
a5 41. Kh2 a4 42. Nd3 a3 43. Qd5+ Ke8 44. Qe6+ Kf8 45. Qd6+ Kf7 46. Ne5+ 1-0

[Event "Mondiale Lampo FIDE 2019"]
[Site "Mosca"]
[Date "29.12.2019"]
[Round "1.96"]
[White "Tengis, Tsog-Ochir"]
[Black "Bologan, Victor"]
[Result "1-0"]
[WhiteTitle "FM"]
[BlackTitle "GM"]
[WhiteElo "2190"]
[BlackElo "2574"]
[WhiteFideId "4902718"]
[BlackFideId "13900048"]
[EventDate "2019.12.29"]

1. Nf3 d6 2. c4 g6 3. Nc3 Bg7 4. g3 Nf6 5. Bg2 O-O 6. O-O Nc6 7. d4 a6 8. b3 Rb8
9. a4 a5 10. Bb2 Nd7 11. Nb5 Ra8 12. Qd2 Nb4 13. Rfd1 c6 14. Na3 Qc7 15. Nc2
Nxc2 16. Qxc2 e5 17. c5 d5 18. e4 dxe4 19. Qxe4 f5 20. Qc2 e4 21. Nd2 Nf6 22. f3
Nd5 23. Nc4 exf3 24. Bxf3 Be6 25. Re1 Nb4 26. Qd2 Bxc4 27. bxc4 Rad8 28. Kg2 Rd7
29. Rad1 Rfd8 30. d5 cxd5 31. cxd5 Bxb2 32. Qxb2 Qxc5 33. Qf6 Qf8 34. Qb6 Qd6
35. Qxa5 f4 36. Re6 Qf8 37. Qb5 fxg3 38. hxg3 Rf7 39. Qe2 Na6 40. d6 Nc5 41. Re7
Rf6 42. d7 Rxf3 43. Re8 Nxd7 44. Rxf8+ Rfxf8 45. Qe6+ Rf7 46. a5 Kf8 47. Qd6+
Kg7 48. Qc7 1-0

[Event "Mondiale Lampo FIDE 2019"]
[Site "Mosca"]
[Date "29.12.2019"]
[Round "1.97"]
[White "Hansen, Eric"]
[Black "Mamatov, Melis"]
[Result "1-0"]
[WhiteTitle "GM"]
[WhiteElo "2606"]
[BlackElo "2292"]
[WhiteFideId "2606771"]
[BlackFideId "13800027"]
[EventDate "2019.12.29"]

1. e4 c5 2. Nf3 d6 3. c3 Nf6 4. Be2 e6 5. O-O Be7 6. Re1 O-O 7. Bf1 e5 8. d4 Bg4
9. dxe5 Bxf3 10. Qxf3 dxe5 11. Nd2 Qc7 12. a4 Re8 13. Nc4 Nbd7 14. g3 Rad8 15.
Ne3 Nf8 16. Bb5 N8d7 17. a5 Bf8 18. Rd1 Re6 19. Bc4 Rd6 20. Rxd6 Bxd6 21. Kg2
Bf8 22. h4 Nb8 23. Nd5 Nxd5 24. Bxd5 Nc6 25. Bg5 Rd7 26. a6 b6 27. Rd1 Nd8 28.
Bxd8 Qxd8 29. Qxf7+ 1-0

[Event "Mondiale Lampo FIDE 2019"]
[Site "Mosca"]
[Date "29.12.2019"]
[Round "1.98"]
[White "Thing, Bibek"]
[Black "Khusnutdinov, Rustam"]
[Result "0-1"]
[WhiteTitle "CM"]
[BlackTitle "GM"]
[WhiteElo "2222"]
[BlackElo "2491"]
[WhiteFideId "12303135"]
[BlackFideId "13701703"]
[EventDate "2019.12.29"]

1. e4 e6 2. d4 d5 3. Nc3 Bb4 4. Ne2 Nc6 5. a3 Ba5 6. g3 dxe4 7. Bg2 Bxc3+ 8.
bxc3 Nf6 9. O-O h6 10. c4 O-O 11. Be3 Na5 12. c5 b6 13. cxb6 cxb6 14. Re1 Bb7
15. Bf4 Rc8 16. c3 Qe7 17. a4 Rfd8 18. Qb1 Ba6 19. Qb2 Bd3 20. Be5 Nc4 21. Qa2
Nxe5 22. dxe5 Ng4 23. Nf4 Nxe5 24. Bxe4 Rxc3 25. Rad1 Bxe4 26. Rxd8+ Qxd8 27.
Rxe4 Qd1+ 0-1

[Event "Mondiale Lampo FIDE 2019"]
[Site "Mosca"]
[Date "29.12.2019"]
[Round "1.99"]
[White "Donchenko, Alexander"]
[Black "Al Mutairi, Hassan S"]
[Result "1-0"]
[WhiteTitle "GM"]
[BlackTitle "CM"]
[WhiteElo "2644"]
[BlackElo "1883"]
[WhiteFideId "24603295"]
[BlackFideId "21500193"]
[EventDate "2019.12.29"]

1. d4 g6 2. c4 Bg7 3. Nc3 d6 4. g3 Nc6 5. Nf3 e5 6. dxe5 dxe5 7. Qxd8+ Nxd8 8.
Bg2 c6 9. Ne4 Nf6 10. Nd6+ Ke7 11. Nxc8+ Rxc8 12. Nxe5 Re8 13. Nd3 Ne6 14. Be3
Kf8 15. O-O a6 16. Rad1 Ng4 17. Bb6 Nd4 18. e3 Nf5 19. b3 h5 20. Nc5 h4 21. Nxb7
hxg3 22. hxg3 Rb8 23. Bc5+ Kg8 24. Na5 Rbd8 25. Nxc6 Rxd1 26. Rxd1 Bh6 27. b4
Ngxe3 28. fxe3 Nxg3 29. Rd8 Rxd8 30. Nxd8 Nf5 31. Kf2 Bg5 32. Nc6 Bh4+ 33. Kg1
Bg5 34. b5 Nxe3 35. bxa6 Nxc4 36. a7 1-0

[Event "Mondiale Lampo FIDE 2019"]
[Site "Mosca"]
[Date "29.12.2019"]
[Round "1.100"]
[White "Al Ghamdi, Ahmed M"]
[Black "Utegaliyev, Azamat"]
[Result "0-1"]
[WhiteTitle "CM"]
[WhiteElo "2107"]
[BlackElo "2502"]
[WhiteFideId "21500150"]
[BlackFideId "13702467"]
[EventDate "2019.12.29"]

1. e4 d5 2. exd5 Qxd5 3. Nc3 Qd6 4. d4 c6 5. Nf3 Bg4 6. Be2 Nf6 7. h3 Bh5 8. O-O
Nbd7 9. Bg5 e6 10. Bh4 Qc7 11. Bg3 Bd6 12. Bxd6 Qxd6 13. Qd2 O-O 14. Rad1 Rad8
15. Rfe1 Qc7 16. Qe3 Nd5 17. Nxd5 cxd5 18. c3 Bxf3 19. Bxf3 b5 20. h4 a5 21. h5
h6 22. a3 b4 23. Rc1 bxa3 24. bxa3 Rb8 25. Rb1 Rfc8 26. Be2 Qxc3 27. Qxc3 Rxc3
28. Rxb8+ Nxb8 29. Rb1 Nc6 30. a4 Nxd4 31. Rb8+ Kh7 32. Bb5 Nxb5 33. Rxb5 d4 34.
Kf1 d3 35. Ke1 Rc1+ 36. Kd2 Rc2+ 37. Kxd3 Rxf2 38. Rxa5 Rxg2 39. Ra7 Rg5 40.
Rxf7 Rxh5 41. Ra7 Rd5+ 42. Ke4 Kg6 43. a5 Kf6 44. a6 Ra5 45. Ra8 Ra4+ 46. Kf3 g5
47. a7 Kg7 48. Kg3 h5 49. Kf3 h4 50. Re8 Rxa7 51. Rxe6 Ra4 52. Rb6 Rf4+ 53. Ke3
Rf6 54. Kd4 0-1

[Event "Mondiale Lampo FIDE 2019"]
[Site "Mosca"]
[Date "29.12.2019"]
[Round "1.101"]
[White "Kezin, Roman"]
[Black "Masrahi, Abdulrahman A"]
[Result "1-0"]
[WhiteTitle "IM"]
[BlackTitle "CM"]
[WhiteElo "2470"]
[BlackElo "1956"]
[WhiteFideId "24124621"]
[BlackFideId "21501564"]
[EventDate "2019.12.29"]

1. d4 Nf6 2. c4 c6 3. Nc3 d5 4. e3 a6 5. Qc2 b5 6. b3 e6 7. Nf3 Bd6 8. Bd3 Nbd7
9. O-O O-O 10. e4 bxc4 11. bxc4 dxe4 12. Nxe4 Nxe4 13. Bxe4 Nf6 14. Bxc6 Rb8 15.
c5 Be7 16. Bf4 Bb7 17. Bxb8 Bxc6 18. Be5 Ng4 19. Qe2 f6 20. Bg3 Bd5 21. Ng5 fxg5
22. Qxg4 Qa8 23. Rfe1 h6 24. Rxe6 Bf6 25. Bd6 Rf7 26. Rb1 Rb7 27. Rxb7 Qxb7 28.
Re8+ Kf7 29. Re1 Qd7 30. Qxd7+ 1-0

[Event "Mondiale Lampo FIDE 2019"]
[Site "Mosca"]
[Date "29.12.2019"]
[Round "1.102"]
[White "Al Thebaiti, Ahmed M"]
[Black "Alekseenko, Kirill"]
[Result "0-1"]
[WhiteTitle "CM"]
[BlackTitle "GM"]
[WhiteElo "1976"]
[BlackElo "2704"]
[WhiteFideId "21502390"]
[BlackFideId "4135539"]
[EventDate "2019.12.29"]

1. d4 Nf6 2. Bf4 d6 3. e3 Nbd7 4. Nf3 Nh5 5. Bg5 h6 6. Bh4 g5 7. Nfd2 Ng7 8. Bg3
Nf5 9. Bd3 Nxg3 10. hxg3 Bg7 11. c3 e6 12. e4 a6 13. a4 b6 14. Qe2 Bb7 15. Na3
Qe7 16. Nc2 c5 17. O-O O-O 18. f4 Rfc8 19. f5 cxd4 20. cxd4 e5 21. d5 Nf6 22.
Rac1 g4 23. Ne3 h5 24. Nec4 Nd7 25. Qf2 Bh6 26. f6 Nxf6 27. Qxf6 Qxf6 28. Rxf6
Bxd2 29. Rcf1 Rxc4 30. Bxc4 Rc8 31. b3 b5 32. axb5 axb5 33. Bxb5 Be3+ 34. Kh2 h4
35. Rxf7 hxg3+ 36. Kxg3 Bf4+ 37. R7xf4 exf4+ 38. Rxf4 Rc3+ 39. Kxg4 Rxb3 40. Bc6
Bc8+ 41. Kh4 Kg7 42. e5 dxe5 43. Re4 Kf6 44. g3 Rb2 45. g4 Rb3 46. g5+ Kg6 47.
Be8+ Kg7 48. g6 Kf6 0-1

[Event "Mondiale Lampo FIDE 2019"]
[Site "Mosca"]
[Date "29.12.2019"]
[Round "2.2"]
[White "Carlsen, Magnus"]
[Black "Belov, Vladimir"]
[Result "1-0"]
[WhiteTitle "GM"]
[BlackTitle "GM"]
[WhiteElo "2872"]
[BlackElo "2598"]
[WhiteFideId "1503014"]
[BlackFideId "4132394"]
[EventDate "2019.12.29"]

1. e4 c6 2. d4 d5 3. exd5 cxd5 4. Bd3 Nc6 5. c3 Nf6 6. Bf4 Bg4 7. Qb3 Qd7 8. Nd2
e6 9. Ngf3 Bd6 10. Ne5 Qc7 11. O-O O-O 12. Rae1 Bh5 13. Bg3 Bg6 14. Nxg6 hxg6
15. Nf3 Rab8 16. Qc2 Rfc8 17. Qe2 Ne7 18. Bxd6 Qxd6 19. Ne5 Nf5 20. g4 Ne7 21.
f4 a6 22. Qg2 b5 23. f5 exf5 24. gxf5 Nxf5 25. Bxf5 gxf5 26. Rxf5 b4 27. Ref1
Kf8 28. Rg5 bxc3 29. Rxg7 cxb2 30. Rxf7+ Ke8 31. Qg6 1-0

[Event "Mondiale Lampo FIDE 2019"]
[Site "Mosca"]
[Date "29.12.2019"]
[Round "2.3"]
[White "Bluebaum, Matthias"]
[Black "Karjakin, Sergey"]
[Result "0-1"]
[WhiteTitle "GM"]
[BlackTitle "GM"]
[WhiteElo "2644"]
[BlackElo "2754"]
[WhiteFideId "24651516"]
[BlackFideId "14109603"]
[EventDate "2019.12.29"]

1. d4 Nf6 2. c4 e6 3. Nc3 Bb4 4. e3 O-O 5. Bd2 b6 6. Bd3 Bb7 7. Nf3 d5 8. cxd5
exd5 9. O-O Re8 10. Rc1 Bf8 11. Ne5 c5 12. f4 Nc6 13. Nxd5 Qxd5 14. Bc4 Qxg2+
15. Kxg2 Nxe5+ 16. Kg1 Nxc4 17. Rxc4 Ba6 18. Rc1 Bxf1 19. Qxf1 Rad8 20. Qf3 cxd4
21. exd4 Rxd4 22. Bc3 Rc4 23. Kh1 Bb4 24. Qf1 Rec8 25. Rd1 Be7 26. Qf3 R4c6 27.
Re1 Bf8 28. f5 h6 29. Rd1 Kh7 30. Qd3 Be7 31. Qf3 Bf8 32. Rd3 Be7 33. Qe2 Bf8
34. Qd2 Ne4 35. Qc2 Nxc3 36. Rxc3 Rxc3 37. bxc3 Kg8 38. Qa4 Rxc3 39. Qxa7 b5 40.
Qb7 b4 41. Qd5 Rc5 42. Qd3 Ra5 43. Qc2 Ra8 44. Qc4 Ra5 45. Qc2 Ra3 46. Qc4 Rc3
47. Qd5 Rc2 48. Qb3 Rd2 49. Kg1 Bc5+ 50. Kh1 Bd6 51. h3 Be7 52. Qc4 Bf6 53. Qxb4
Rxa2 54. Qc4 Ra8 55. Kg2 h5 56. Qd5 Re8 57. Qf3 h4 58. Qd3 Kh7 59. Qd5 Re7 60.
Qc4 Kh6 61. Qf4+ Kh7 62. Qc4 Rd7 63. Kf3 Kg8 64. Qc8+ Rd8 65. Qc4 Rd1 66. Qc8+
Rd8 67. Qc4 Re8 68. Qd5 Re5 69. Qd3 Rc5 70. Kg4 Rc3 71. Qf1 Rg3+ 72. Kf4 Kh7 73.
Ke4 Bg5 74. Qd1 Kh6 75. Qd6+ f6 76. Qf8 Kh7 77. Qf7 Re3+ 78. Kd4 Re5 79. Qg6+
Kg8 80. Kd3 Kf8 81. Kd4 Re3 82. Qh7 Kf7 83. Qh5+ Kg8 84. Qg6 Re5 85. Kd3 Kf8 86.
Kd4 Be3+ 87. Kd3 Bh6 88. Kd4 Bg5 89. Qh7 Bh6 90. Qh8+ Kf7 91. Qh7 Re3 92. Qg6+
Kf8 93. Qg4 Bg5 94. Qh5 Re5 95. Qh8+ Kf7 96. Qh7 Be3+ 97. Kd3 Bh6 98. Kd4 Re3
99. Qg6+ Ke7 100. Qg4 Bg5 101. Kd5 Kf8 102. Qh5 Rxh3 103. Qh8+ Kf7 104. Qh5+ Ke7
105. Qe2+ Re3 106. Qa2 Kf8 107. Qa8+ Kf7 108. Qa7+ Kg8 109. Qb8+ Kh7 110. Qb2
Re5+ 111. Kd6 h3 112. Qh2 Re3 113. Kd5 Kh6 114. Kd4 Kh5 115. Qg1 Kh4 116. Qf2+
Kg4 117. Qg1+ Kxf5 118. Qb1+ Kg4 119. Qd1+ Rf3 120. Qg1+ Rg3 121. Qd1+ Kh4 122.
Ke4 g6 123. Qh1 Re3+ 124. Kd4 f5 125. Kd5 Bf4 126. Qf1 g5 127. Qa1 h2 128. Kc5
Kg3 129. Qf1 Re4 130. Kd5 Re5+ 131. Kd4 Re4+ 132. Kd5 g4 133. Qh1 Re2 134. Qf1
Rf2 135. Qh1 Bd2 136. Ke6 Rg2 137. Qd1 Rg1 138. Qb3+ Kh4 139. Kxf5 Rf1+ 140. Kg6
h1=Q 141. Qe6 Qf3 142. Qe7+ Qf6+ 0-1

[Event "Mondiale Lampo FIDE 2019"]
[Site "Mosca"]
[Date "29.12.2019"]
[Round "2.4"]
[White "Nepomniachtchi, Ian"]
[Black "Sakaev, Konstantin"]
[Result "1/2-1/2"]
[WhiteTitle "GM"]
[BlackTitle "GM"]
[WhiteElo "2767"]
[BlackElo "2596"]
[WhiteFideId "4168119"]
[BlackFideId "4104226"]
[EventDate "2019.12.29"]

1. e4 c5 2. Nf3 d6 3. Bb5+ Bd7 4. Bxd7+ Qxd7 5. O-O Nc6 6. c4 Nf6 7. Nc3 g6 8.
d4 cxd4 9. Nxd4 Bg7 10. Nde2 O-O 11. h3 Qe6 12. Qb3 Na5 13. Qb5 Nxc4 14. Nf4 Qc8
15. Nfd5 Re8 16. Bg5 a6 17. Qb4 Qc6 18. Bxf6 Bxf6 19. Nxf6+ exf6 20. Nd5 Kg7 21.
Rac1 Rxe4 22. Rfd1 a5 23. Qc3 Ne5 24. Qa3 Rc4 1/2-1/2

[Event "Mondiale Lampo FIDE 2019"]
[Site "Mosca"]
[Date "29.12.2019"]
[Round "2.5"]
[White "Tran, Tuan Minh"]
[Black "Yu, Yangyi"]
[Result "0-1"]
[WhiteTitle "GM"]
[BlackTitle "GM"]
[WhiteElo "2529"]
[BlackElo "2738"]
[WhiteFideId "12401820"]
[BlackFideId "8603820"]
[EventDate "2019.12.29"]

1. d4 d5 2. c4 dxc4 3. Nf3 Nf6 4. e3 e6 5. Bxc4 c5 6. O-O a6 7. dxc5 Bxc5 8.
Qxd8+ Kxd8 9. Nbd2 Ke7 10. Nb3 Bd6 11. Nfd2 Bd7 12. Be2 Nc6 13. Rd1 b5 14. a4
bxa4 15. Rxa4 Nb4 16. Ra5 Rhc8 17. Kf1 Bc7 18. Ra1 a5 19. Nc4 a4 20. Nd4 Rab8
21. Bd2 Ne4 22. Be1 f6 23. g3 e5 24. Nf3 Nc5 25. Ra3 Be8 26. Nfd2 Nc2 27. Rc3
Nxe1 28. Kxe1 Bf7 29. Rdc1 Nb3 30. Nxb3 axb3 31. Nxe5 Ba5 32. Nxf7 Kxf7 33. Kd2
Ke7 34. Rb1 Rc7 35. Bd1 Rd8+ 36. Ke2 Bxc3 37. bxc3 Rxc3 38. Rxb3 Rxb3 39. Bxb3
Rb8 40. Bc4 Rb2+ 41. Kf3 Kd6 42. Bd3 h6 43. Bg6 Kc5 44. h4 Kc4 45. g4 Kc3 46.
Kg3 Kd2 47. Be4 Ke1 48. f3 Ke2 49. Kf4 Rb5 50. h5 Ra5 51. Bc6 Rc5 52. Bb7 Kf2
53. Be4 Rc3 54. Kf5 Kxe3 55. Kg6 Rc7 56. Kf5 Re7 57. Bc6 Rc7 58. Ba8 Kd4 59. f4
Ke3 60. g5 fxg5 61. fxg5 Rc5+ 62. Kg4 Rxg5+ 63. Kh4 Kf4 64. Bc6 Rg3 65. Bd7 Rg1
66. Bc8 Rh1+ 67. Bh3 Rxh3+ 0-1